000 01034nam a22002655i 4500
001 159468
003 ES-MaACL
005 20250815062645.0
008 040913q19001910sp |||| | spa d
040 _aCAM
_bspa
_cCAM
100 1 _aMercier, Désiré-Joseph
_cCardinal.
_980462
245 1 0 _aCriteriología general ó Tratado de la certeza /
_cpor Mercier ; traducción por Francisco Lombardía y Sánchez.
260 _aMadrid :
_bLa España Moderna,
_c[s.a.] (
_fImp. de Gabriel L. Horno)
300 _a536 p. ;
_c22 cm.
490 1 _aBiblioteca de jurisprudencia, filosofía e historia
490 1 _aCurso de filosofía
596 _aEn el prólogo consta 1900.
650 4 _aEpistemología.
_912338
700 1 _aLombardía y Sánchez, Francisco.
_9129042
740 0 1 _aTratado de la certeza.
830 0 0 _aBiblioteca de jurisprudencia, filosofía e historia
_9180691
830 0 _aCurso de filosofía
_9221940
852 _aES-MaACL
_jF-4848
_z-- Enc. hol., conservando la cub. original
999 _c159468
_d159468